000 01157nam a2200289 a 4500
999 _c490315
_d490315
003 BLK
005 20230913094356.0
008 230327b bul|||||r ||||||| ||bul||
040 _aBLK
041 _aBUL
_cBUL
080 _aДраматични театри. Театри за драма и комедия. Вж и 82-2
_b792.2
_x(062)
_z792.2(062)
110 _9487220
_aНародно ч-ще "Максим Горки" - Русе
139 _bН 25
245 1 0 _aИма ли смисъл да утепваме мечка
_cПанчо Панчев
_h[Малотир. изд.]
260 _aРусе
_bб. и.
_c1973
_9219538
300 _a5 с.
_c20 см
380 _a7
500 _aПостановка: Веселин Ралев; Художник: Димитър Гилев; Муз. оформление: Цвятко Ячев. - Сезон 1973/74
653 7 _9197100
_aспектакли
653 7 _9198059
_aтеатрални постановки
653 7 _9200688
_aчиталища
852 _bК
_cК 792/Н 25
856 4 _qpdf
_i0.00
_ldisable
942 _cKNG
_n0
_s1
_01
944 _aCR
_c2023-03-27
_k30558
_lВаля Йорданова
999 _d490315